| 000 | 00453nam a22001577a 4500 | ||
|---|---|---|---|
| 999 |
_c524718 _d524718 |
||
| 003 | NUST | ||
| 038 | _aMr.Zahoor | ||
| 082 | _a620.005 | ||
| 100 |
_aAmna yfousa _915511 |
||
| 245 |
_aDemand Side Management Using Smart Grids for OPtimal Power Usage / _cAmna yfousa |
||
| 260 |
_aIslamabad : _bCEME - NUST , _c2017. |
||
| 300 |
_av, 86, p. : ill. ; _c30cm. |
||
| 500 | _aHardcover. | ||
| 600 | _2Engineering Management - MS Thesis | ||
| 942 |
_2ddc _cTHE |
||